000 00525nam a2200193 a 4500
001 1768117516370
003 YourLibrary
005 20260112125816.0
008 260111s2007##################000#0#eng##
020 _a9780340926994
082 0 4 _a302.2307
_bDEA
100 1 _aDeacon, David,
_eauthor.
245 1 0 _aResearching Communications :
260 _bBloomsbury Publishing PLC,
_c2007.
300 _a444 pages
650 0 _aLanguage Arts & Disciplines.
942 _cENGLISH
040 _aYourLibrary
_beng
_cYourLibrary
999 _c608325
_d608325